000
00316nam a22001337a 4500
008
171024b xxu||||| |||| 00| 0 eng d
020
_a
mi0023836397
041
_a
eng
080
_2
2ND
_a
311
100
_a
55
101
_a
STA
245
_a
UNDERSTANDING STATISTICAL PROCESS CONTROL
_c
WHEELER,D.J
942
_2
udc
_c
BK
999
_c
35713
_d
35713